Ciencias Sociales y modernización: tejidos entre el saber, la subjetividad y la política /

সংরক্ষণ করুন:
গ্রন্থ-পঞ্জীর বিবরন
প্রধান লেখক: Valderrama H., Carlos Eduardo
অন্যান্য লেখক: Olaya, Vladimir
বিন্যাস: পাঠ‍্য
ট্যাগগুলো: ট্যাগ যুক্ত করুন
কোনো ট্যাগ নেই, প্রথমজন হিসাবে ট্যাগ করুন!

MARC

LEADER 00000 a a2200000 04500
001 47711
003
040
100 |a Valderrama H., Carlos Eduardo  
245 |a Ciencias Sociales y modernización:   |b tejidos entre el saber, la subjetividad y la política /  |c Carlos Eduardo Valderrama H., Vladimir Olaya  
700 |a Olaya, Vladimir  
773 |g número41, (2014), páginas 79-95  
999 |c 20802  |d 20802